000 02762nam a2200313Ia 4500
005 20200819054807.0
008 130821s1725 fr fr 1 lat
040 _aCo-BoUCM
_bspa
_cSandra Yazo
_dSandra Yazo
041 0 _alat
_aspa
082 0 4 _a336.2
_220
092 _aE12N003
100 1 _aBalmaseda de la Puente y Sobremonte, Diego
_9100709
242 0 0 _aTratado sobre los recaudos (colectas) e impuestos. En especial los que se imponen y acostumbran en España
_cLic. D. Didaci Balmaseda de la Puente et Sobremonte
_yspa
245 1 0 _aTractatus de collectis et tributis praesertim iis in Hispania indictis et usitatis
_cLic. D. Didaci Balmaseda de la Puente et Sobremonte ...
250 _aEditio Gallica [Edición para Francia]
_bab authore duplò auctior quàm Hispana, atque mendis expurgata [revisada y doblemente corregida por el autor; más extensa que la edición española]
260 _aLugduni [Lyo] (Francia)
_bSumptibus Anisson & Posuel [A expensas de Anisson y Juan Posuel]
_c1725
300 _a[90], 388, [46] páginas
_c36 x 23 cm.
500 _aDetalles físicos: Encuadernación en pergamino, tapas y lomo muy deteriorado, roto y con faltantes. Conserva la portada impresa en dos tintas, deteriorada con roturas y dobleces, con un grabado de la flor de lis y la alegoría del día y la noche. Ejemplar mútilo, faltan varias páginas iniciales. Privilegio Real (París, 1691). Texto impreso en dos columnas. Varios cuadernillos desprendidos. Papel con manchas de humedad (ver páginas 8-9, 320-321, índice final) y hongos, varias roturas en el papel. Nota de desinfección 2007
505 0 _aQué es un recaudo (colecta) ; Su origen ; “Portazgo” y “Almojarifazgo” ; Quién puede imponer recaudos ; Si los señores que tienen vasallos tienen derecho a recaudar ; Si pueden imponerse recaudos a las Universidades ; Si el Obispo u otros prelados de la Iglesia pueden imponer recaudos ; Si el hecho de los recaudos prueba jurisdicción ; Si el hecho de los recaudos prueba dominio ; Potestad de imponer recaudos sobre faenas en el mar ; Penas para quienes, sin derecho, cobran recaudos ; Personas que colaboran en la repartición de las colectas
506 _aConsulta en sala
546 _aTexto en latín
650 7 _aDerecho canónico
_xObras anteriores a 1800
_929726
650 7 _aDerecho civil
_xObras anteriores a 1800
_929560
650 7 _aImpuestos
_zEspaña
_xObras anteriores a 1800
_917233
650 7 _aRecaudación de impuestos
_zEspaña
_xObras anteriores a 1800
_923134
690 _aEconomía
_9174
856 4 1 _zDisponible en línea
_uhttp://books.google.com/books?id=trBFAAAAcAAJ&printsec=frontcover&hl=es&source=gbs_ge_summary_r&cad=0#v=onepage&q&f=false
942 _cLIBRO
_a7
_e1
_2LOCAL
_hE12N003
999 _c74492
_d74492